00361nam a2200145Ia 4500003000400000008004100004040001600045082001700061100001800078245004600096260003700142300001000179650001100189650001500200GCL140319s9999 xx 000 0 eng d aGCL / cGCL04a746.434bV P1 aVANESSA- ANNS10aPlain and Fancy Crochet / cVANESSA- ANNS a[S.N] : bOXMOOR HOUSE ، c1991 a144 P04aPLAINS04aCROCHETING